000 00863nam a22002777a 4500
001 BR8903816
003 BR-BrBNA
005 20230928093256.0
007 ta
008 230509b bl.||||| |||| 00| 0 por d
040 _aBR-BrBNA
_bpor
_cBiblioteca Nacional de Agricultura
041 _a(Por)
072 _aE14
_b/G514
090 _ E14 BR8903816
100 1 _aLocatelli, A. (ed.)
110 1 _aDelegacia Federal de Agricultura no Parana, Curitiba (Brasil)
_93119
111 1 _a1. Seminario de Avaliacao de Politica Agricola
_cCuritiba, PR (Brazil)
_d16-20 May 1988
245 1 _aAnais do 1. Seminario de Avaliacao de Politica Agricola
260 3 _aCuritiba, PR (Brasil):
_c1988.
300 _a300 p.
650 _aPOLITICA AGRICOLA
650 _aDESENVOLVIMENTO AGRICOLA
650 _aPARANA
909 _a202309
_bLucia
_c55
_dLucia Elande
942 _cBK
999 _c44023
_d44023